Quick Sort Minefield Blitz Quiz Stats

 Plays Quiz Updated Feb 28, 2013

Support Sporcle.
Go Orange.
Score 0/25 Timer 01:30
0 Plays Today
% Correct
???
100%
???
98.5%
???
97.5%
???
96.6%
???
96.2%
???
82.1%
???
78.8%
???
68%
???
67.2%
???
66.3%
???
51.5%
???
47.4%
???
37%
% Correct
???
31.9%
???
30.7%
???
27.3%
???
27%
???
25.8%
???
25.4%
???
25.2%
???
19.4%
???
13.6%
???
9.4%
???
6.3%
???
4.6%

From the Vault

Schmidt or Scott?

by kpisaruk

Is New Girl's Schmidt the funniest character on TV? There's only one way to find out.
Remove Ads.
Support Sporcle.
Get the best of Sporcle when you Go Orange. This ad-free experience offers more features, more stats, and more fun while also helping to support Sporcle. Thank you for becoming a member.

Show Comments

Extras

Top Quizzes Today


Score Distribution

Your Account Isn't Verified!

In order to create a playlist on Sporcle, you need to verify the email address you used during registration. Go to your Sporcle Settings to finish the process.

Report this User

Report this user for behavior that violates our Community Guidelines.

Details: